Novela českého Zákonníka v praxi
Vybrané zmeny v českom Zákonníku práce (Zákon č. 65/1965 Zb. a jeho novela uskutočnená zákonom č. 155/2000 Z.z.). Cieľ nového českého Zákonníka práce. Nové zásady. Praktické príklady.
Gespeichert in:
| 1. Verfasser: | |
|---|---|
| Format: | Buchkapitel |
| Sprache: | Slowakisch |
| Schlagworte: | |
| Tags: |
Keine Tags, Fügen Sie das erste Tag hinzu!
|
MARC
| LEADER | 00000naa a2200000 4500 | ||
|---|---|---|---|
| 001 | r042190 | ||
| 005 | 20230919115814.6 | ||
| 041 | 0 | |a slo | |
| 044 | |a SK | ||
| 245 | 1 | 0 | |a Novela českého Zákonníka v praxi |c Věra Hrouzková |
| 520 | |a Vybrané zmeny v českom Zákonníku práce (Zákon č. 65/1965 Zb. a jeho novela uskutočnená zákonom č. 155/2000 Z.z.). Cieľ nového českého Zákonníka práce. Nové zásady. Praktické príklady. | ||
| 610 | 2 | 0 | |a zákonník práce |
| 610 | 2 | 0 | |a Česko |
| 610 | 2 | 0 | |a novelizácia |
| 610 | 2 | 0 | |a komentáre |
| 610 | 2 | 0 | |a úpravy právne |
| 610 | 2 | 0 | |a zamestnávatelia |
| 610 | 2 | 0 | |a zamestnanci |
| 610 | 2 | 0 | |a vzťahy pracovnoprávne |
| 100 | 1 | |a Hrouzková, Věra | |